Ostrov včerajšieho dňa. /

Uložené v:
Podrobná bibliografia
Hlavný autor: Eco, Umberto, 1932- (Author)
Médium: Kniha
Jazyk:Slovak
Italian
Vydané: Bratislava : Slovart, vydavateľstvo, spol. s r.o., 2003
Vydanie:2. vyd.
Témy:
ISBN: 8071457663 (viaz.)
Fyzický popis: 370 s.
Tagy: Pridať tag
Žiadne tagy, Buďte prvý kto otaguje tento záznam!

MARC

LEADER 00000nam a2200000 a 4500
001 000083021
003 SVKK
005 20031128000000.0
008 031007s2003 cs e sloo
020 |a 8071457663 (viaz.) 
040 |a SVKKK  |b slo  |c SVKKK  |e AACR2 
041 1 |a slo  |h ita 
044 |a cs  |c CS 
080 |a 821.131.1-3=162.4  |2 1997 
100 1 |a Eco, Umberto,  |d 1932-  |4 aut 
245 1 0 |a Ostrov včerajšieho dňa. /  |c Umberto Eco 
250 |a 2. vyd. 
260 |a Bratislava :  |b Slovart, vydavateľstvo, spol. s r.o.,  |c 2003 
300 |a 370 s. 
655 7 |a umelecká literatúra  |2 SVKKKPH 
910 |a svkkk 
919 |a 80-7145-766-3 
974 |a UH  |d 20031111 
974 |a KL  |d 20031106 
974 |a TI  |d 20031128 
998 |a BK 
090 |g SCKHL  |k Sklad Pribinova prízemie  |a IV.188801  |j 955752  |i 2720017987  |s Absenčne